000 00670nam a2200205 u 4500
005 20230527063554.0
008 101019s2007 r 000 0 eng d
020 _a9780746083833
035 _aUPN01000178236
049 _aI
050 4 _aHQ798
_bM4.6
100 1 _aMeredith, Susan
_935953
245 1 1 _a¿Qué me esta pasando? /
_cSusan Meredith ; diseño e il. Nancy Leschnikoff ; tr. Gemma Alonso de la Sierra.
260 _aGran Bretaña :
_bUsborne,
_c2007.
300 _a48 p. :
_bil.
650 4 _aMujeres adolescentes
_xFisiología
_914805
650 4 _aPsicología del adolescente
_91013
650 0 _aAdolescentes
_xConducta de vida
_91767
905 _aLibro
999 _c150339
_d150339